000
00299nam a2200121Ia 4500
008
191201s2006 xx 000 0 und d
100
_a
MILENKOVIC, Milon
245
0
_a
Operating System Concepts and Design
260
_a
N. Delhi
_b
TMH
_c
2006
300
_a
755
650
_a
B.Tech(CSE)
942
_2
ddc
_c
BK
999
_c
366
_d
366